Science Quiz

Random Science or Anatomy Quiz

Bones from Clues Quiz Stats

 Plays Quiz not verified by Sporcle

Score 0/29 Timer 05:00
0 Plays Today
% Correct
femur
96.8%
tibia
94.6%
patella
93.3%
fibula
91.8%
ulna
91.5%
radius
90.3%
mandible
88.5%
sternum
85.8%
humerus
85%
clavicle
84.7%
coccyx
84.3%
scapula
83.9%
lumbar vertebrae
82.3%
phalanges
79.3%
cranium
77.6%
% Correct
cervical vertebrae
76.8%
thoracic vertebrae
76.5%
carpals
75.1%
sacrum
64.5%
maxilla
62.1%
ilium
60.6%
calcaneus
55.1%
hyoid
55%
ischium
53.9%
pubis
51.1%
stapes
41.6%
incus
39.7%
talus
38.7%
malleus
33.3%

You're not logged in!

Compare scores with friends on all Sporcle quizzes.
OR
Log In

Show Comments

Extras

Top Quizzes Today


Score Distribution

Your Account Isn't Verified!

In order to create a playlist on Sporcle, you need to verify the email address you used during registration. Go to your Sporcle Settings to finish the process.

Report this User

Report this user for behavior that violates our Community Guidelines.

Details: